000 00862nam a2200205Ia 4500
003 GCL
008 140319s9999 xx 000 0 ara d
040 _aGCL /
_cGCL
082 0 4 _a813.03
_bغ ا
100 1 _aغالب هلسا
245 1 0 _aالاعمال الروائية الكاملة - غالب هلسا :
_bمج 1 الضحك - الخماسين - السؤال \ مج 2 البكاء على الاطلال - ثلاثة وجوه لبغداد \ مج 3 سلطانة - الروائيون /
_cغالب هلسا
250 _aالرابعة
260 _aالاردن :
_bازمنة للنشر والتوزيع ،
_c2004
300 _a3 مج ؛
_c24 سم
650 0 4 _aالادباء العرب
650 0 4 _aالقصص العربية - مجموعات
650 0 4 _aغالب هلسا
650 0 4 _aالقصص العربية - الاردن
942 _2ddc
_cBK
999 _c8126
_d8126